Statistiques concernant Anagrammes villes de Suisse

Cliquez ici pour prendre le quiz!

Statistiques générales

  • Ce quiz a été pris 200 fois
  • Le résultat moyen est 8 sur 12

Statistiques - réponses

AnagrammeVille% Correct
IONSSion
97%
NEBERBerne
96%
VENGEEGenève
93%
RELUCENLucerne
85%
EN BIENBienne
73%
CROIECoire
65%
AMONTANMontana
64%
AU LONGLugano
47%
BANDEBaden
43%
CORONALLocarno
43%
ENCHULETANeuchatel
43%
COURAGECarouge
38%

Distribution des résultats

Percentile par nombre de réponses

% des personnes avec chaque résultat

Votre développement - résultats

Vous n’avez pas pris ce quiz